| 000 | 00497nam a2200181Ia 4500 | ||
|---|---|---|---|
| 001 | 20932 | ||
| 005 | 20260306172842.0 | ||
| 008 | 260306t2011||||xx |||||||||||||| ||spa|| | ||
| 041 | _aESP | ||
| 082 |
_a343.8 _bU61 |
||
| 100 |
_aUniversidad de San Martín de Porres _eAUT |
||
| 245 | 0 |
_aDerecho tributario peruano y español: _bun análisis comparado de problemas comunes |
|
| 260 | _c2011 | ||
| 300 |
_a427 páginas : _c24 cm. |
||
| 650 | _aGEN | ||
| 654 | _aCCO | ||
| 942 |
_cLIB _dJUS _fJUS _2ddc _n |
||
| 999 |
_c20932 _d20932 |
||